|
|
|
|
| LEADER |
00000nam0a2200000 4500 |
| 001 |
44967 |
| 005 |
20231031023237.0 |
| 010 |
|
|
|a 522202718X
|
| 035 |
|
|
|a (RuTPU)RU\TPU\book\46713
|
| 090 |
|
|
|a 44967
|
| 100 |
|
|
|a 20021128d2002 m y0rusy50 ca
|
| 101 |
0 |
|
|a rus
|
| 102 |
|
|
|a RU
|
| 105 |
|
|
|a a j 001zy
|
| 200 |
1 |
|
|a Электроника
|e учебное пособие для вузов
|f В. И. Лачин, Н. С. Савёлов
|
| 205 |
|
|
|a 3-е изд., перераб. и доп.
|
| 210 |
|
|
|a Ростов-на-Дону
|c Феникс
|d 2002
|
| 215 |
|
|
|a 576 с.
|c ил.
|
| 225 |
1 |
|
|a Высшее образование
|
| 320 |
|
|
|a Библиогр.: с. 565.
|
| 451 |
|
1 |
|0 (RuTPU)RU\TPU\book\173119
|y 5-222-04768-7
|t Электроника
|o учебное пособие для вузов
|f В. И. Лачин, Н. С. Савёлов
|e 4-е изд.
|c Ростов-на-Дону
|n Феникс
|d 2004
|p 572 с.
|a Лачин, Вячеслав Иванович
|
| 451 |
|
1 |
|0 (RuTPU)RU\TPU\book\14419
|y 5-222-00998-X
|t Электроника
|o учебное пособие
|f В. И. Лачин, Н. С. Савелов
|c Ростов-на-Дону
|n Феникс
|d 2001
|p 448 с.
|s Для студентов вузов
|a Лачин, В. И.
|
| 610 |
1 |
|
|a электроника
|
| 610 |
1 |
|
|a электронные схемы
|
| 610 |
1 |
|
|a диоды
|
| 610 |
1 |
|
|a биполярные транзисторы
|
| 610 |
1 |
|
|a полевые транзисторы
|
| 610 |
1 |
|
|a тиристоры
|
| 610 |
1 |
|
|a оптоэлектронные приборы
|
| 610 |
1 |
|
|a операционные усилители
|
| 610 |
1 |
|
|a интегральные микросхемы
|
| 610 |
1 |
|
|a силовые полупроводниковые приборы
|
| 610 |
1 |
|
|a аналоговые электронные устройства
|
| 610 |
1 |
|
|a усилители
|
| 610 |
1 |
|
|a обратная связь
|
| 610 |
1 |
|
|a активные фильтры
|
| 610 |
1 |
|
|a цифровая электроника
|
| 610 |
1 |
|
|a булевы алгебры
|
| 610 |
1 |
|
|a логические элементы
|
| 610 |
1 |
|
|a логические функции
|
| 610 |
1 |
|
|a комбинационные цифровые устройства
|
| 610 |
1 |
|
|a цифровые запоминающие устройства
|
| 610 |
1 |
|
|a сигналы
|
| 610 |
1 |
|
|a аналого-цифровые преобразователи
|
| 610 |
1 |
|
|a АЦП
|
| 610 |
1 |
|
|a анализ
|
| 610 |
1 |
|
|a синтез
|
| 610 |
1 |
|
|a учебные пособия
|
| 675 |
|
|
|a 621.38(075.8)
|v 3
|
| 700 |
|
1 |
|a Лачин
|b В. И.
|g Вячеслав Иванович
|
| 701 |
|
1 |
|a Савёлов
|b Н. С.
|g Николай Семенович
|
| 801 |
|
1 |
|a RU
|b 63413507
|c 20021128
|g PSBO
|
| 801 |
|
2 |
|a RU
|b 63413507
|c 20120510
|g PSBO
|
| 900 |
|
|
|a Электроника
|
| 942 |
|
|
|c BK
|
| 952 |
|
|
|a 550700
|b 200200
|